Hà Giang một năm thực hiện Nghị quyết 16 của Chính phủ về một số giải pháp phát triển kinh tế nhanh bền vững sau khi Việt Nam là thành viên của WTO /

Shranjeno v:
Bibliografske podrobnosti
Glavni avtor: Nguyễn Đình Bảy.
Format: Bài viết
Jezik:Vietnamese
Teme:
Oznake: Označite
Brez oznak, prvi označite!
Thư viện lưu trữ: Thư viện Trường Đại học Đà Lạt
LEADER 00953nam a2200277 4500
001 DLU100109688
005 ##20100713
040 # # |a DLU  |b vie 
041 # # |a vie 
044 # # |a vn 
100 # # |a Nguyễn Đình Bảy. 
245 # # |a Hà Giang một năm thực hiện Nghị quyết 16 của Chính phủ về một số giải pháp phát triển kinh tế nhanh bền vững sau khi Việt Nam là thành viên của WTO /  |c Nguyễn Đình Bảy. 
653 # # |a Nông sản 
653 # # |a Phát triển du lịch 
653 # # |a Phát triển kinh tế 
653 # # |a Tăng trưởng kinh tế 
773 # # |t Dân tộc và thời đại  |g Số3(119), 2008, tr. 17-18 
920 # # |a Phòng Tạp chí -- Trung tâm Thông tin - Thư viện Trường Đại học Đà Lạt 
994 # # |a DLU 
900 # # |a True 
911 # # |a Nguyễn Thị Linh Chi 
925 # # |a G 
926 # # |a A 
927 # # |a BB 
980 # # |a Thư viện Trường Đại học Đà Lạt